| 000 | 01238cad a22002175a 4500 | ||
|---|---|---|---|
| 001 | L147023 | ||
| 008 | 090324s2009 xxkd f s 000 0 eng d | ||
| 035 | _a(Sirsi) u147023 | ||
| 041 | 0 | _aeng | |
| 050 | 0 | 4 | _a333.33 $2 18 |
| 110 | 2 |
_aNelson Bakewell _92525 |
|
| 245 | 0 | 0 |
_aUK Industrial market survey _ban overview March 2009 _h[electronic resource] |
| 260 |
_aLondon _bNB Real Estate _c2009 |
||
| 520 | _aReports that property values in some industrial areas have fallen 30% in the last 12 months, with land prices especially hard hit. Expects these values to fall a further 10-20%. However, rents have not fallen proportionally in the same period, averaging a 5-10% reduction. Forecasts that 2009 will be a difficult year, but that there might be a return to stability in early 2010. Concludes that the market changes set off by the credit crisis and the empty ratings legislation are favouring tenants, especially when negotiating leases. | ||
| 521 | _aAdvanced | ||
| 590 | _aKA NTK | ||
| 651 | 4 |
_aUnited Kingdom _y |
|
| 690 | _aPROPERTY-COMMERCIAL PROPERTY-COMMERCIAL PROPERTY MARKET | ||
| 856 | 4 | 0 |
_uhttps://www.nelson-bakewell.com/Company/research.aspx _zView the item free of charge at www.nelson-bakewell.com... |
| 942 | _n0 | ||
| 999 |
_c109408 _d109408 |
||